Огарев Павел Юлиевич. О статье Звегинцова А. И. "Морские арабески". Приложены три черновика ответов Звегинцова А. И.

Доступно только в Электронных читальных залах Найти на картеНа карте
RUSMARC
00004613nac2a22003013x 450
0015ed7ee6f-0232-43e2-bfb1-5249e237cc42
00520211209120906.0
100##$a20211120l19061907k y0rusy50 ca
1010#$arus
102##$aRU
105##$ay z |||||
1222#$ad19061231
$ad19071231
2001#$aОгарев Павел Юлиевич. О статье Звегинцова А. И. "Морские арабески". Приложены три черновика ответов Звегинцова А. И.
$j1906-1907
215##$a4 листа
251##$cДело
300##$aЗаголовок дела на папке: Письмо Огарева Павла Юлиевича - Звегинцеву Александру Ивановичу. (О статье Звегинцева А. И. "Морские Арабески". Приложены три копии ответов Звегинцева А. И. о той же статье)
300##$aЛисты: 2, 3 - выцветший текст
300##$aРукописный текст
324##$aВ деле имеются копии отдельных документов
330##$aВходит в раздел описи: 1. Письма к А. И. Звегинцову. 2/ Письма по служебной деятельности А. И. Звегинцова
461#0$1001fc48e33c-c630-4015-85dd-2f2aab656f45
$12001
$aЗвегинцев Александр Иванович, помещик Воронежской губернии, депутат III Государственной думы, член партии "Союз 17 октября"
$1251
$cФонд
$1852
$j932
462#0$1001ddcf82e7-7bd9-4c5e-b7f1-85df8b3febb3
$12001
$aДела постоянного хранения. 1899-1913 гг.
$vД. 263
$1251
$cОпись
$1852
$j1
5171#$aПисьмо Огарева Павла Юлиевича - Звегинцеву Александру Ивановичу. (О статье Звегинцева А. И. "Морские Арабески". Приложены три копии ответов Звегинцева А. И. о той же статье)
600#1$aЗвегинцев
$bА. И.
$gАлександр Иванович
600#1$aОгарев
$bП. Ю.
$gПавел Юлиевич
801#0$aRU
$bGA_RF
801#1$aRU
$bГлавНИВЦ
$c20211120
$2rusmarc
801#2$aRU
$bПБ им. Б.Н. Ельцина
$c20211209
$gRCR
$2rusmarc
852##$aГА РФ
$j263
937##$d171334174
$hГАРФ
035##$aRuPRLIB51062115
856##$uhttp://readingroom.main.prlib.ru/item.aspx?id_node=n171334174&mode=full
Формат отображения